000 00736nam a2200265Ia 4500
001 12602
003 GE_BSU
008 181216s||||||||xx |||||||||||||| ||und||
020 _a9780192815132
040 _cGE_BSU
080 _a821.111-32
100 _aBronte,Charlotte.
245 _aJane Eyre.
245 _bNovel
245 _cEdited With an Introduction by Margaret Smith.
260 _aNew York.
260 _bOxford University Press.
260 _c1993
300 _a496p;18cm.
300 _b+1CD mp3.
541 _h10Gel.
653 _aJane Eyre.
653 _aწარმოადგენს ერთ-ერთ ყველაზე ცნობილ ინგლისურ რომანს
942 _cBK
999 _c45775
_d45775